000 00832nam a22002057a 4500
999 _c58355
_d58355
003 Ge_BSU
005 20211124131608.0
008 211124s2021 ge ||||| |||| 00| 0 geo d
020 _a9678831782543
041 _ageo
080 _a634.6(479.22)(075.8) ჯ-12
100 _aჯაბნიძე, რეზო
_92484
245 _aსუბტროპიკული კულტურები /
_cრეზო ჯაბნიძე; რედ. ზაურ გაბრიჩიძე.
264 _aბათუმი,
_c2021.
300 _a651 გვ.;
_bილ.
_c21 სმ.
504 _aბიბლიოგრ. გვ. 633-640
653 _aსუბტროპიკული კულტურები
700 _aგაბრიჩიძე, ზაურ
_eრედაქტორი
_913010
942 _2udc
_cBK